Tilastot visalle Yleistieto - laattavalinta

Klikkaa tästä pelataksesi tätä visaa!

Yleistilastot

  • Tätä visaa on pelattu 742 kertaa
  • Keskiarvotulos 52 / 72

Vastaustilastot

KysymysLaattaSelect% Oikein
alkuaineetKultaKyllä
96%
alkuaineetTyppiKyllä
96%
Euroopassa sijaitsevat kaupungitHuếEi
93%
Euroopassa sijaitsevat kaupungitPariisiKyllä
93%
alkuaineetGraniittiEi
92%
valtiot, joiden pääkaupunki alkaa kirjaimella BKanadaEi
92%
alkuaineetKvartsiEi
91%
ranskankieliset sanatNamasteEi
91%
Euroopassa sijaitsevat kaupungitRiikaKyllä
91%
Euroopassa sijaitsevat kaupungitAnnabaEi
90%
Euroopassa sijaitsevat kaupungitAsmaraEi
90%
alkuaineetTeräsEi
90%
alkuaineetBooriKyllä
89%
Euroopassa sijaitsevat kaupungitTabrizEi
89%
valtiot, joiden pääkaupunki alkaa kirjaimella BUkrainaEi
89%
Euroopassa sijaitsevat kaupungitRecifeEi
88%
Euroopassa sijaitsevat kaupungitDušanbeEi
87%
valtiot, joiden pääkaupunki alkaa kirjaimella BKuubaEi
87%
ranskankieliset sanatPequeñoEi
87%
alkuaineetMessinkiEi
86%
ranskankieliset sanatHausEi
85%
metriä pienemmät pituudetKilometriEi
85%
metriä pienemmät pituudetGigametriEi
83%
valtiot, joiden pääkaupunki alkaa kirjaimella BLibyaEi
82%
metriä pienemmät pituudetSenttimetriKyllä
82%
metriä pienemmät pituudetTerametriEi
82%
alkuluvut14Ei
81%
alkuluvut65Ei
81%
ranskankieliset sanatEstudiarEi
81%
ranskankieliset sanatGatoEi
81%
ranskankieliset sanatJourKyllä
81%
alkuaineetTinaKyllä
81%
valtiot, joiden pääkaupunki alkaa kirjaimella BVenezuelaEi
81%
metriä pienemmät pituudetHehtometriEi
80%
metriä pienemmät pituudetMikrometriKyllä
79%
metriä pienemmät pituudetNanometriKyllä
79%
metriä pienemmät pituudetZettametriEi
79%
valtiot, joiden pääkaupunki alkaa kirjaimella BTadžikistanEi
78%
ranskankieliset sanatBrotEi
77%
metriä pienemmät pituudetDesimetriKyllä
77%
valtiot, joiden pääkaupunki alkaa kirjaimella BThaimaaKyllä
77%
valtiot, joiden pääkaupunki alkaa kirjaimella BBotswanaEi
76%
alkuaineetKanadiumEi
75%
alkuluvut27Ei
73%
alkuluvut7Kyllä
73%
ranskankieliset sanatRougeKyllä
73%
alkuluvut121Ei
72%
ranskankieliset sanatFemmeKyllä
72%
Euroopassa sijaitsevat kaupungitOdessaKyllä
72%
Euroopassa sijaitsevat kaupungitGdańskKyllä
71%
alkuaineetKloridiEi
67%
valtiot, joiden pääkaupunki alkaa kirjaimella BArgentiinaKyllä
66%
alkuluvut9Ei
65%
ranskankieliset sanatAdieuKyllä
65%
alkuluvut2Kyllä
64%
alkuluvut0Ei
63%
alkuaineetKryptonKyllä
61%
alkuluvut19Kyllä
55%
alkuluvut37Kyllä
53%
ranskankieliset sanatGarçonKyllä
53%
alkuaineetYttriumKyllä
53%
metriä pienemmät pituudetPikometriKyllä
51%
valtiot, joiden pääkaupunki alkaa kirjaimella BLibanonKyllä
50%
alkuluvut103Kyllä
49%
Euroopassa sijaitsevat kaupungitAberdeenKyllä
48%
ranskankieliset sanatChienKyllä
43%
alkuluvut89Kyllä
41%
valtiot, joiden pääkaupunki alkaa kirjaimella BBruneiKyllä
39%
valtiot, joiden pääkaupunki alkaa kirjaimella BMaliKyllä
27%
metriä pienemmät pituudetFemtometriKyllä
26%
Euroopassa sijaitsevat kaupungitBariKyllä
23%
metriä pienemmät pituudetZeptometriKyllä
22%

Tulosjakauma

Persentiili vastausten määrän mukaan

Jokaisen tuloksen saaneiden osuus

Tuloshistoriasi

Et ole pelannut tätä visaa